[Event "LSS No Engine Cup 130 Preliminary 0"]
[Site "LSS email"]
[Date "2015.05.02"]
[Round "?"]
[White "Werner, Guenter"]
[Black "Boni, Roberto"]
[Result "0-1"]
[WhiteElo "1107"]
[BlackElo "1753"]
[PlyCount "20"]
[EventDate "2015.05.03"]
[EventType "tourn (corr)"]
[EventRounds "6"]
[EventCountry "GER"]
[SourceTitle "Corr 2022"]
[Source "ChessBase"]
[SourceDate "2021.10.24"]
[SourceVersion "1"]
[SourceVersionDate "2021.10.24"]
[SourceQuality "1"]

1. d4 Nf6 2. c4 e6 3. Nc3 d5 4. cxd5 exd5 5. Nf3 c6 6. h3 Bd6 7. Qb3 0-0 8. Be3 Nbd7 9. Bg5 h6 10. Bxf6 Nxf6 0-1

[Event "LSS No Engine Cup 130 Preliminary 0"]
[Site "LSS email"]
[Date "2015.05.02"]
[Round "?"]
[White "Werner, Guenter"]
[Black "Zmolil, Karel"]
[Result "0-1"]
[WhiteElo "1107"]
[BlackElo "1638"]
[PlyCount "38"]
[EventDate "2015.05.03"]
[EventType "tourn (corr)"]
[EventRounds "6"]
[EventCountry "GER"]
[SourceTitle "Corr 2022"]
[Source "ChessBase"]
[SourceDate "2021.10.24"]
[SourceVersion "1"]
[SourceVersionDate "2021.10.24"]
[SourceQuality "1"]

1. c4 e6 2. Nf3 c5 3. e3 Nc6 4. Nc3 Nf6 5. d4 cxd4 6. Nxd4 d5 7. Nxc6 bxc6 8. a3 Bd7 9. Na4 Be7 10. c5 Ne4 11. Qc2 0-0 12. b4 Qc7 13. Bd3 f5 14. Bb2 a5 15. 0-0 Bf6 16. Nb6 Ra7 17. f3 Bxb2 18. Qxb2 Nf6 19. Nxd7 Nxd7 0-1

[Event "IECC CL0-2015.00 email"]
[Site "IECC email"]
[Date "2015.04.28"]
[Round "?"]
[White "Werner, Guenter"]
[Black "Lauer, Frederic"]
[Result "0-1"]
[WhiteElo "1406"]
[BlackElo "1102"]
[PlyCount "26"]
[EventDate "2015.04.02"]
[EventType "tourn (corr)"]
[EventRounds "4"]
[SourceTitle "Corr 2022"]
[Source "ChessBase"]
[SourceDate "2021.10.24"]
[SourceVersion "1"]
[SourceVersionDate "2021.10.24"]
[SourceQuality "1"]

1. c4 e5 2. Nc3 Nf6 3. g3 Bb4 4. Bg2 0-0 5. Qb3 Nc6 6. Bxc6 Bxc3 7. Bg2 Ba5 8. Qa3 c6 9. Nf3 e4 10. Nd4 d5 11. c5 Bc7 12. b4 a5 13. b5 Be5 0-1

[Event "IECC CL0-2015.00 email"]
[Site "IECC email"]
[Date "2015.04.26"]
[Round "?"]
[White "Kalinin, Vyacheslav"]
[Black "Werner, Guenter"]
[Result "1-0"]
[WhiteElo "1379"]
[BlackElo "1406"]
[PlyCount "25"]
[EventDate "2015.04.02"]
[EventType "tourn (corr)"]
[EventRounds "4"]
[SourceTitle "Corr 2022"]
[Source "ChessBase"]
[SourceDate "2021.10.24"]
[SourceVersion "1"]
[SourceVersionDate "2021.10.24"]
[SourceQuality "1"]

1. d4 Nf6 2. c4 g6 3. Nc3 Bg7 4. e4 0-0 5. Nge2 d6 6. Ng3 c5 7. dxc5 dxc5 8. Be3 Qb6 9. Qc2 Na6 10. a3 Nc7 11. b4 Nd7 12. Rd1 Ne5 13. Na4 1-0

[Event "BI-2015-P-0000"]
[Site "LSS email"]
[Date "2015.04.16"]
[Round "?"]
[White "Werner, Guenter"]
[Black "Kudr, Roman"]
[Result "0-1"]
[WhiteElo "1395"]
[BlackElo "2185"]
[PlyCount "40"]
[EventDate "2015.04.22"]
[EventType "tourn (corr)"]
[EventRounds "10"]
[EventCountry "GER"]
[SourceTitle "Corr 2022"]
[Source "ChessBase"]
[SourceDate "2021.10.24"]
[SourceVersion "1"]
[SourceVersionDate "2021.10.24"]
[SourceQuality "1"]

1. d4 Nf6 2. c4 e6 3. Nc3 Bb4 4. Bd2 0-0 5. Nf3 b6 6. a3 Bxc3 7. Bxc3 Ne4 8. e3 Bb7 9. g3 Nxc3 10. bxc3 Nc6 11. Bd3 f5 12. 0-0 Qe7 13. Qb3 Na5 14. Qd1 Rae8 15. Nd2 e5 16. d5 g6 17. Qa4 Kg7 18. Rab1 d6 19. Rfe1 Bc8 20. Qc2 Bd7 0-1

[Event "OP-2014-0-03574"]
[Site "LSS email"]
[Date "2014.12.03"]
[Round "?"]
[White "Werner, Guenter"]
[Black "Dlugolecki, Grzegorz"]
[Result "0-1"]
[WhiteElo "1379"]
[BlackElo "1602"]
[PlyCount "110"]
[EventDate "2014.11.27"]
[EventType "tourn (corr)"]
[EventRounds "4"]
[EventCountry "GER"]
[SourceTitle "Corr 2022"]
[Source "ChessBase"]
[SourceDate "2021.10.24"]
[SourceVersion "1"]
[SourceVersionDate "2021.10.24"]
[SourceQuality "1"]

1. d4 Nf6 2. c4 e6 3. Nc3 Bb4 4. e3 0-0 5. Bd3 c5 6. Nge2 cxd4 7. exd4 b6 8. 0-0 Bb7 9. d5 a5 10. a3 Bc5 11. Ng3 Na6 12. Re1 Re8 13. Nh5 Nxh5 14. Qxh5 g6 15. Qg4 Qf6 16. Qg3 exd5 17. Bg5 Bxf2+ 18. Qxf2 Qxg5 19. cxd5 Nc5 20. Bc4 f5 21. Nb5 Rxe1+ 22. Rxe1 Ne4 23. Qxb6 Qd2 24. Rf1 Rc8 25. Nc7 a4 26. h3 Kf7 27. Kh2 Qc2 28. b3 axb3 29. Bxb3 Qc5 30. Qxb7 Nd6 31. Qa6 Rxc7 32. Qe2 Qd4 33. Re1 Qf6 34. Qe3 Rc3 35. Qa7 Qd8 36. Ba2 Ne4 37. Rb1 Qe8 38. d6+ Kf6 39. Qd4+ Qe5+ 40. Qxe5+ Kxe5 41. Rb3 Rxb3 42. Bxb3 Kxd6 43. a4 Kc5 44. a5 Kb5 45. Bg8 Nf6 46. Bf7 Kxa5 47. Kg3 g5 48. Kf2 Kb4 49. Ke2 Kc3 50. Kd1 Kd3 51. Ke1 d5 52. g3 Ke3 53. g4 f4 54. Kf1 f3 55. Ke1 Ne4 0-1

[Event "LSS No Engine Cup 120 Preliminary 0"]
[Site "LSS email"]
[Date "2014.11.01"]
[Round "?"]
[White "Werner, Guenter"]
[Black "Jostov, Keylah"]
[Result "1/2-1/2"]
[WhiteElo "1073"]
[BlackElo "1517"]
[PlyCount "80"]
[EventDate "2014.11.02"]
[EventType "tourn (corr)"]
[EventRounds "6"]
[EventCountry "GER"]
[SourceTitle "Corr 2022"]
[Source "ChessBase"]
[SourceDate "2021.10.24"]
[SourceVersion "1"]
[SourceVersionDate "2021.10.24"]
[SourceQuality "1"]

1. e4 e5 2. Nf3 Nf6 3. Nc3 Bb4 4. Bc4 d6 5. 0-0 Be6 6. Bxe6 fxe6 7. a3 Bxc3 8. dxc3 0-0 9. Qe2 Qe8 10. Qc4 Nc6 11. Qb5 b6 12. Qd3 Qh5 13. Ng5 Nd8 14. Qh3 Qxh3 15. Nxh3 Nxe4 16. Be3 Nc6 17. f3 Nf6 18. Ng5 Rae8 19. Rad1 h6 20. Ne4 Nxe4 21. fxe4 Rxf1+ 22. Kxf1 Rf8+ 23. Ke2 Na5 24. g3 Nc4 25. Bc1 b5 26. b3 Nb6 27. Be3 a6 28. Bxb6 cxb6 29. Rxd6 Kf7 30. Rxb6 Ra8 31. h4 Kf6 32. Rd6 Ke7 33. Rd3 Rf8 34. Rf3 Rd8 35. Ke3 Rd6 36. Rf2 Rd8 37. Ke2 Rd7 38. Rf3 Rd8 39. Rf2 Rd7 40. Rf3 Rd8 1/2-1/2

[Event "LSS No Engine Cup 120 Preliminary 0"]
[Site "LSS email"]
[Date "2014.11.01"]
[Round "?"]
[White "Werner, Guenter"]
[Black "Vazquez, Alvaro"]
[Result "1-0"]
[WhiteElo "1073"]
[BlackElo "1387"]
[PlyCount "37"]
[EventDate "2014.11.02"]
[EventType "tourn (corr)"]
[EventRounds "6"]
[EventCountry "GER"]
[SourceTitle "Corr 2022"]
[Source "ChessBase"]
[SourceDate "2021.10.24"]
[SourceVersion "1"]
[SourceVersionDate "2021.10.24"]
[SourceQuality "1"]

1. c4 e5 2. Nc3 Bb4 3. g3 Bxc3 4. bxc3 d5 5. Qa4+ c6 6. e3 Ne7 7. Bg2 Bd7 8. Qb4 Qb6 9. Qd6 f6 10. Ba3 Nf5 11. Qc5 Qxc5 12. Bxc5 Na6 13. Ba3 d4 14. e4 Nd6 15. Ne2 d3 16. Nc1 0-0-0 17. Bxd6 c5 18. Nxd3 b6 19. f4 1-0

[Event "LSS No Engine Cup 119 Preliminary 3"]
[Site "LSS email"]
[Date "2014.10.16"]
[Round "?"]
[White "Munoz Sanchez, Emilio Josep"]
[Black "Werner, Guenter"]
[Result "1-0"]
[WhiteElo "1385"]
[BlackElo "1089"]
[PlyCount "63"]
[EventDate "2014.10.17"]
[EventType "tourn (corr)"]
[EventRounds "6"]
[EventCountry "GER"]
[SourceTitle "Corr 2015"]
[Source "ChessBase"]
[SourceDate "2015.07.17"]
[SourceVersion "1"]
[SourceVersionDate "2015.07.17"]
[SourceQuality "1"]

1. d4 d5 2. c4 c6 3. e3 Nf6 4. Nf3 g6 5. Bd3 Bg7 6. 0-0 0-0 7. Nc3 Be6 8. cxd5 Nxd5 9. a3 Nxc3 10. bxc3 Qb6 11. Rb1 Qc7 12. e4 Nd7 13. Be3 Nb6 14. Qc1 Na4 15. Qc2 Qa5 16. Rxb7 Rfe8 17. Rb4 Nb6 18. a4 Nd7 19. Rfb1 Nb6 20. Bd2 Bc8 21. c4 c5 22. Rxb6 Qxb6 23. Rxb6 axb6 24. dxc5 bxc5 25. h3 Rb8 26. Bc3 Bxc3 27. Qxc3 Bd7 28. Qd2 f6 29. Qh6 Bxa4 30. e5 Rb7 31. Nh4 Rd7 32. Bxg6 1-0

[Event "CP-2014-P-00066"]
[Site "LSS email"]
[Date "2014.09.30"]
[Round "?"]
[White "Plotnikov, Vladimir Anatolievi"]
[Black "Werner, Guenter"]
[Result "0-1"]
[WhiteElo "1171"]
[BlackElo "1426"]
[PlyCount "100"]
[EventDate "2014.10.01"]
[EventType "tourn (corr)"]
[EventRounds "6"]
[EventCountry "GER"]
[SourceTitle "Corr 2022"]
[Source "ChessBase"]
[SourceDate "2021.10.24"]
[SourceVersion "1"]
[SourceVersionDate "2021.10.24"]
[SourceQuality "1"]

1. e4 c6 2. Nf3 e6 3. c3 Ne7 4. d4 Ng6 5. Bd3 Be7 6. e5 d6 7. Bxg6 hxg6 8. Bf4 d5 9. Nbd2 g5 10. Bg3 b6 11. 0-0 Ba6 12. c4 dxc4 13. Ne4 c3 14. bxc3 Bxf1 15. Qxf1 g4 16. Nfd2 Bh4 17. Nd6+ Kf8 18. Qd3 Bxg3 19. Qxg3 Qg5 20. N2e4 Qh5 21. Qf4 Nd7 22. Ng5 f6 23. exf6 Nxf6 24. Ndf7 Qxf7 25. Nxf7 Kxf7 26. Qc7+ Kg6 27. Re1 Rhg8 28. Rxe6 c5 29. d5 Rge8 30. Kf1 Rxe6 31. dxe6 Kf5 32. e7 Rh8 33. Qd8 Re8 34. Qd6 Kg6 35. Qe6 c4 36. Ke2 b5 37. Ke3 Rxe7 38. Qxe7 Nd5+ 39. Kd4 Nxe7 40. Kc5 a6 41. a3 Kf5 42. Kd4 Ke6 43. a4 bxa4 44. Kxc4 Nd5 45. h3 gxh3 46. gxh3 Kf5 47. Kd3 Nf4+ 48. Kc2 g5 49. Kb2 Nxh3 50. f3 Ng1 0-1

[Event "CP-2014-P-00066"]
[Site "LSS email"]
[Date "2014.09.30"]
[Round "?"]
[White "Saganauer, Richard"]
[Black "Werner, Guenter"]
[Result "1-0"]
[WhiteElo "2162"]
[BlackElo "1426"]
[PlyCount "43"]
[EventDate "2014.10.01"]
[EventType "tourn (corr)"]
[EventRounds "6"]
[EventCountry "GER"]
[SourceTitle "Corr 2022"]
[Source "ChessBase"]
[SourceDate "2021.10.24"]
[SourceVersion "1"]
[SourceVersionDate "2021.10.24"]
[SourceQuality "1"]

1. e4 c6 2. d4 d5 3. e5 e6 4. Nf3 Be7 5. c4 dxc4 6. Bxc4 Nd7 7. Nc3 a6 8. 0-0 f6 9. Qb3 Nf8 10. a4 fxe5 11. dxe5 Nh6 12. Rd1 Bd7 13. Qxb7 Qc8 14. Qxc8+ Bxc8 15. Bxh6 gxh6 16. Ne4 Bb7 17. Nd6+ Bxd6 18. Rxd6 Rd8 19. Rad1 Rxd6 20. Rxd6 Kf7 21. Nd4 a5 22. f4 1-0

[Event "IECC CL0-2014.00 email"]
[Site "IECC email"]
[Date "2014.09.28"]
[Round "?"]
[White "Miquel Badenes, Jose"]
[Black "Werner, Guenter"]
[Result "1-0"]
[WhiteElo "1195"]
[BlackElo "1422"]
[PlyCount "103"]
[EventDate "2014.09.03"]
[EventType "tourn (corr)"]
[EventRounds "4"]
[SourceTitle "Corr 2022"]
[Source "ChessBase"]
[SourceDate "2021.10.24"]
[SourceVersion "1"]
[SourceVersionDate "2021.10.24"]
[SourceQuality "1"]

1. d4 Nf6 2. Nf3 e6 3. e3 c5 4. c3 b6 5. Bd3 Bb7 6. Nbd2 d5 7. 0-0 Nbd7 8. Re1 c4 9. Bc2 Be7 10. e4 b5 11. e5 Ng8 12. a3 Nf8 13. Nf1 f6 14. exf6 Nxf6 15. Ne5 Qd6 16. Bf4 Qb6 17. a4 h6 18. axb5 Rg8 19. Ng6 Nxg6 20. Bxg6+ Kd8 21. Bf7 Rf8 22. Rxe6 Qxb5 23. Qe2 Rxf7 24. Re1 Ne4 25. Bg3 Bc8 26. Re5 Qd7 27. Nd2 Nxg3 28. hxg3 Rb8 29. Nf3 Rb6 30. Re3 Qd6 31. Ne5 Rf8 32. Nxc4 dxc4 33. Rxe7 Rb7 34. Re5 Bd7 35. Qe4 Rxb2 36. Rd5 Qf6 37. f4 g5 38. f5 Kc7 39. Rc5+ Bc6 40. d5 Rb6 41. Rxc6+ Rxc6 42. dxc6 Qd6 43. g4 h5 44. gxh5 Qc5+ 45. Kh1 Rh8 46. g4 Qxc6 47. Qxc6+ Kxc6 48. Kg2 a5 49. Kf3 Ra8 50. Ra1 Kb6 51. Ke4 Rf8 52. Kd5 1-0

[Event "OP-2014-0-03511"]
[Site "LSS email"]
[Date "2014.09.26"]
[Round "?"]
[White "Wakeham, Marc R"]
[Black "Werner, Guenter"]
[Result "1/2-1/2"]
[WhiteElo "682"]
[BlackElo "1072"]
[PlyCount "46"]
[EventDate "2014.09.22"]
[EventType "tourn (corr)"]
[EventRounds "4"]
[EventCountry "GER"]
[SourceTitle "Corr 2015"]
[Source "ChessBase"]
[SourceDate "2015.07.17"]
[SourceVersion "1"]
[SourceVersionDate "2015.07.17"]
[SourceQuality "1"]

1. e4 e5 2. Nf3 Nc6 3. d4 exd4 4. c3 dxc3 5. Nxc3 g6 6. Bc4 Qe7 7. 0-0 Bg7 8. a3 Nf6 9. Nb5 d6 10. Bg5 0-0 11. Re1 h6 12. Bd2 a6 13. Nc3 Bg4 14. h3 Bxf3 15. Qxf3 Ne5 16. Qe2 Nxc4 17. Qxc4 Rfe8 18. Nd5 Nxd5 19. exd5 Qd7 20. Qb3 Rxe1+ 21. Rxe1 b6 22. Bc3 Qb5 23. Qxb5 axb5 1/2-1/2

[Event "OP-2014-0-03511"]
[Site "LSS email"]
[Date "2014.09.26"]
[Round "?"]
[White "Werner, Guenter"]
[Black "Caviglia, Maximiliano"]
[Result "0-1"]
[WhiteElo "1072"]
[BlackElo "1129"]
[PlyCount "44"]
[EventDate "2014.09.22"]
[EventType "tourn (corr)"]
[EventRounds "4"]
[EventCountry "GER"]
[SourceTitle "Corr 2015"]
[Source "ChessBase"]
[SourceDate "2015.07.17"]
[SourceVersion "1"]
[SourceVersionDate "2015.07.17"]
[SourceQuality "1"]

1. e4 b6 2. d4 Bb7 3. Nc3 e6 4. d5 Bb4 5. Qd4 Bxc3+ 6. Qxc3 f6 7. Bc4 exd5 8. Bxd5 Bxd5 9. exd5 d6 10. Ne2 Nd7 11. Nd4 Nf8 12. 0-0 Kf7 13. Qh3 Qd7 14. Qc3 Ne7 15. Qc4 Nfg6 16. Re1 Rhe8 17. Ne6 Ne5 18. Qxc7 Nxd5 19. Qxd7+ Nxd7 20. c4 Nb4 21. Bd2 Nc2 22. Nc7 Rxe1+ 0-1

[Event "OP-2014-0-03495"]
[Site "LSS email"]
[Date "2014.09.08"]
[Round "?"]
[White "Werner, Guenter"]
[Black "Bezrukov, Andrej"]
[Result "0-1"]
[WhiteElo "1089"]
[BlackElo "1747"]
[PlyCount "48"]
[EventDate "2014.09.03"]
[EventType "tourn (corr)"]
[EventRounds "4"]
[EventCountry "GER"]
[SourceTitle "Corr 2015"]
[Source "ChessBase"]
[SourceDate "2015.07.17"]
[SourceVersion "1"]
[SourceVersionDate "2015.07.17"]
[SourceQuality "1"]

1. c4 Nf6 2. d4 e6 3. Nc3 d5 4. e3 a6 5. Qb3 c5 6. Nf3 dxc4 7. Qxc4 b5 8. Qd3 Nbd7 9. Be2 Bb7 10. e4 cxd4 11. Qxd4 Bc5 12. Qd3 0-0 13. a3 Qb6 14. 0-0 Ng4 15. Nd1 Ndf6 16. b4 Bd6 17. g3 Nxe4 18. Kg2 Be5 19. Rb1 Rfd8 20. Be3 Qc7 21. Bd4 Rxd4 22. Qe3 Nxe3+ 23. Nxe3 Nc3 24. Rb2 Nxe2 0-1

[Event "OP-2014-0-03495"]
[Site "LSS email"]
[Date "2014.09.08"]
[Round "?"]
[White "Werner, Guenter"]
[Black "Garcia Cabrera, Juan Jose"]
[Result "1/2-1/2"]
[WhiteElo "1089"]
[BlackElo "1115"]
[PlyCount "102"]
[EventDate "2014.09.03"]
[EventType "tourn (corr)"]
[EventRounds "4"]
[EventCountry "GER"]
[SourceTitle "Corr 2015"]
[Source "ChessBase"]
[SourceDate "2015.07.17"]
[SourceVersion "1"]
[SourceVersionDate "2015.07.17"]
[SourceQuality "1"]

1. d4 d5 2. Nf3 Nf6 3. Nc3 c6 4. Bf4 Bf5 5. e3 e6 6. Bd3 Nbd7 7. 0-0 Bb4 8. h3 0-0 9. Ne2 Ne4 10. c3 Be7 11. Bxe4 Bxe4 12. Ne5 Nxe5 13. Bxe5 c5 14. Ng3 Bg6 15. Qg4 Rc8 16. Rfe1 Qb6 17. Qe2 cxd4 18. exd4 Rfe8 19. a4 a6 20. Qd2 Qb3 21. Ne2 a5 22. Nc1 Qc4 23. Kh2 Rc6 24. f3 h6 25. Ne2 Rb6 26. Nf4 Bg5 27. Qe2 Bxf4+ 28. Bxf4 Rc8 29. Qxc4 Rxc4 30. Re2 Kf8 31. Bb8 Ke8 32. Ra3 Kd7 33. Ba7 Rbc6 34. Bc5 Ke8 35. Re3 b6 36. b3 bxc5 37. bxc4 cxd4 38. cxd5 dxe3 39. dxc6 e2 40. Ra1 Bc2 41. Kg1 Bxa4 42. Kf2 Bxc6 43. Kxe2 a4 44. Ke3 Kd7 45. Rd1+ Kc7 46. Kd4 Kb6 47. Rb1+ Ka5 48. Kc5 Bd5 49. Rb5+ Ka6 50. Rb6+ Ka5 51. Rb5+ Ka6 1/2-1/2

[Event "SF-2014-0-00249"]
[Site "LSS email"]
[Date "2014.09.04"]
[Round "?"]
[White "Kudela, Pavel"]
[Black "Werner, Guenter"]
[Result "0-1"]
[WhiteElo "1047"]
[BlackElo "1089"]
[PlyCount "102"]
[EventDate "2014.08.08"]
[EventType "tourn (corr)"]
[EventRounds "6"]
[EventCountry "GER"]
[SourceTitle "Corr 2015"]
[Source "ChessBase"]
[SourceDate "2015.07.17"]
[SourceVersion "1"]
[SourceVersionDate "2015.07.17"]
[SourceQuality "1"]

1. d4 Nf6 2. c4 g6 3. Nf3 Bg7 4. Nc3 d5 5. Bf4 0-0 6. e3 c6 7. Be2 Nbd7 8. 0-0 dxc4 9. a4 Nh5 10. Bg5 h6 11. Bh4 g5 12. Nxg5 hxg5 13. Bxg5 Nhf6 14. Bxc4 c5 15. Ra3 Nb6 16. Bd3 cxd4 17. exd4 Be6 18. Bxf6 exf6 19. Qh5 f5 20. Ne2 Qf6 21. Ng3 Qg6 22. Qf3 Qg4 23. Nxf5 Qxf3 24. gxf3 Bf6 25. f4 Nd5 26. Be4 Rab8 27. Rg3+ Kh8 28. Rh3+ Kg8 29. Kh1 Rfd8 30. Rg1+ Kf8 31. Rhg3 Ne7 32. Ng7 Bd5 33. f3 Bxd4 34. R1g2 Bxg7 35. Rxg7 Ng6 36. Rh7 Bxe4 37. fxe4 Nxf4 38. Rg1 Rbc8 39. Rf1 Kg8 40. Rh4 Ng6 41. Rg4 Kg7 42. h4 Rh8 43. Rfg1 Rh5 44. Kh2 Rch8 45. Kg3 Rxh4 46. Rc1 Rh2 47. Rg5 R2h3+ 48. Kf2 Rb3 49. Rc7 Rxb2+ 50. Ke3 Rh3+ 51. Kd4 Rd2+ 0-1

[Event "SF-2014-0-00249"]
[Site "LSS email"]
[Date "2014.09.04"]
[Round "?"]
[White "Werner, Guenter"]
[Black "Trevis, Robert R"]
[Result "1/2-1/2"]
[WhiteElo "1089"]
[BlackElo "1000"]
[PlyCount "63"]
[EventDate "2014.08.08"]
[EventType "tourn (corr)"]
[EventRounds "6"]
[EventCountry "GER"]
[SourceTitle "Corr 2015"]
[Source "ChessBase"]
[SourceDate "2015.07.17"]
[SourceVersion "1"]
[SourceVersionDate "2015.07.17"]
[SourceQuality "1"]

1. e4 c6 2. d4 d5 3. Nc3 dxe4 4. Nxe4 Nd7 5. Nf3 Ngf6 6. Ng3 e6 7. Be2 c5 8. 0-0 cxd4 9. Nxd4 Qb6 10. a3 Bd6 11. Nb5 Be5 12. Be3 Nc5 13. b4 Nfd7 14. bxc5 Qd8 15. Nd6+ Ke7 16. Bd4 f6 17. Nge4 b6 18. Nxc8+ Rxc8 19. Nd6 Rb8 20. Bxe5 Nxe5 21. f4 Nc6 22. Ne4 Nd4 23. c3 Nxe2+ 24. Qxe2 Qc7 25. f5 Qc6 26. Qg4 Rhg8 27. fxe6 Qxe6 28. Qxe6+ Kxe6 29. Rad1 Rgc8 30. Rd6+ Ke5 31. Rfd1 Kxe4 32. R1d4+ 1/2-1/2

[Event "LSS No Engine Cup 116 Preliminary 5"]
[Site "LSS email"]
[Date "2014.08.22"]
[Round "?"]
[White "Herzog, Klaus"]
[Black "Werner, Guenter"]
[Result "1-0"]
[WhiteElo "1757"]
[BlackElo "1089"]
[PlyCount "43"]
[EventDate "2014.08.23"]
[EventType "tourn (corr)"]
[EventRounds "6"]
[EventCountry "GER"]
[SourceTitle "Corr 2015"]
[Source "ChessBase"]
[SourceDate "2015.07.17"]
[SourceVersion "1"]
[SourceVersionDate "2015.07.17"]
[SourceQuality "1"]

1. e4 e6 2. d4 d5 3. Nc3 Nf6 4. Bg5 dxe4 5. f3 Be7 6. fxe4 Nxe4 7. Bxe7 Nxc3 8. Bxd8 Nxd1 9. Bxc7 Nxb2 10. Rb1 Nc4 11. Bxc4 0-0 12. Nf3 Nc6 13. Bb5 Nd8 14. Bd6 a6 15. Bxf8 Kxf8 16. Bd3 Nc6 17. 0-0 g6 18. c4 a5 19. Be4 Ra7 20. Bxc6 bxc6 21. Rb8 Rc7 22. Ng5 1-0

[Event "LSS No Engine Cup 116 Preliminary 5"]
[Site "LSS email"]
[Date "2014.08.22"]
[Round "?"]
[White "Werner, Guenter"]
[Black "Perez Garcia, Miguel"]
[Result "0-1"]
[WhiteElo "1089"]
[BlackElo "1062"]
[PlyCount "84"]
[EventDate "2014.08.23"]
[EventType "tourn (corr)"]
[EventRounds "6"]
[EventCountry "GER"]
[SourceTitle "Corr 2015"]
[Source "ChessBase"]
[SourceDate "2015.07.17"]
[SourceVersion "1"]
[SourceVersionDate "2015.07.17"]
[SourceQuality "1"]

1. e4 c5 2. Nc3 Nc6 3. g3 g6 4. Bg2 Bg7 5. d3 d6 6. Nf3 Nf6 7. 0-0 0-0 8. Re1 h6 9. h3 Ne5 10. Nxe5 dxe5 11. Be3 b6 12. Ne2 Bb7 13. Nc3 Kh7 14. f4 exf4 15. Bxf4 Nh5 16. Qg4 Nxf4 17. Qxf4 Qd4+ 18. Kh2 Be5 19. Qf3 f5 20. Qe3 Qxe3 21. Rxe3 f4 22. Rf3 fxg3+ 23. Kg1 Rxf3 24. Bxf3 h5 25. Nd1 c4 26. Nc3 Bd4+ 27. Kg2 h4 28. dxc4 Bxc3 29. bxc3 Rc8 30. Rd1 Rc7 31. Kf1 Kg7 32. c5 bxc5 33. Ke2 Bc8 34. Bg2 Be6 35. Kf3 Rb7 36. a4 Rb2 37. Rd2 Kf6 38. Bf1 Ra2 39. Bb5 Bxh3 40. Bd7 g2 41. Rxg2 Bxd7 42. Kf4 Rxa4 0-1

[Event "LSS No Engine Cup 116 Preliminary 5"]
[Site "LSS email"]
[Date "2014.08.22"]
[Round "?"]
[White "Werner, Guenter"]
[Black "Zmolil, Karel"]
[Result "0-1"]
[WhiteElo "1089"]
[BlackElo "1241"]
[PlyCount "52"]
[EventDate "2014.08.23"]
[EventType "tourn (corr)"]
[EventRounds "6"]
[EventCountry "GER"]
[SourceTitle "Corr 2015"]
[Source "ChessBase"]
[SourceDate "2015.07.17"]
[SourceVersion "1"]
[SourceVersionDate "2015.07.17"]
[SourceQuality "1"]

1. e4 e5 2. Nf3 Nc6 3. Bc4 Be7 4. Nc3 Nf6 5. d3 h6 6. 0-0 0-0 7. h3 d6 8. Kh2 Na5 9. Nd5 Nxd5 10. Bxd5 c6 11. Bb3 Nxb3 12. axb3 Qc7 13. Be3 c5 14. Bd2 a6 15. b4 c4 16. d4 b5 17. Bc3 Bb7 18. d5 f5 19. exf5 Rxf5 20. g3 Raf8 21. Nh4 Bxh4 22. gxh4 Rxf2+ 23. Rxf2 Rxf2+ 24. Kg1 Qf7 25. Qg4 Rf4 26. Qg2 Bxd5 0-1

[Event "LSS No Engine Cup 115 Preliminary 1"]
[Site "LSS email"]
[Date "2014.08.04"]
[Round "?"]
[White "Jenneborg, Seved"]
[Black "Werner, Guenter"]
[Result "1-0"]
[WhiteElo "1664"]
[BlackElo "1089"]
[PlyCount "61"]
[EventDate "2014.08.05"]
[EventType "tourn (corr)"]
[EventRounds "6"]
[EventCountry "GER"]
[SourceTitle "Corr 2015"]
[Source "ChessBase"]
[SourceDate "2015.07.17"]
[SourceVersion "1"]
[SourceVersionDate "2015.07.17"]
[SourceQuality "1"]

1. d4 d5 2. c4 c6 3. Nc3 Nf6 4. Nf3 e6 5. Bg5 Be7 6. e3 Nbd7 7. Bd3 0-0 8. 0-0 h6 9. Bh4 Qc7 10. Qc2 Re8 11. Rfd1 Nf8 12. cxd5 cxd5 13. Bxf6 Bxf6 14. Nxd5 Qxc2 15. Nxf6+ gxf6 16. Bxc2 b6 17. Be4 Rb8 18. Rac1 Ng6 19. d5 Bb7 20. Bxg6 fxg6 21. dxe6 Rxe6 22. Rd7 Rc6 23. Rxc6 Bxc6 24. Rxa7 Rd8 25. Nd4 Bd7 26. Rb7 Kf7 27. f4 Ke8 28. Rxb6 Kf7 29. b3 f5 30. Rd6 g5 31. Nc6 1-0